000 00518pab a2200181 454500
008 180718b2002 xxu||||| |||| 00| 0 eng d
100 _aBanerjee, Sushanta K.
245 _aHas emigration influenced Kerala's living standards? A micro level investigation
260 _c2002
300 _ap.1755-765.
362 _a4 MaY
650 _aStandard of living - India - Kerala
650 _aEmigration
700 _aRoy, T.K.
700 _aJaychandran, V.
773 _aEconomic and Political Weekly
909 _a52273
999 _c52273
_d52273